| 000 | 00895cam a22002775a 4500 | ||
|---|---|---|---|
| 001 | 015978164 | ||
| 003 | EG-ScBUE | ||
| 005 | 20220104132753.0 | ||
| 008 | 111019s2012 enk f 000 1 eng d | ||
| 020 | _a9780141199115 | ||
| 040 |
_aStDuBDS _beng _erda _cStDuBDS _dUk _dEG-ScBUE |
||
| 082 | 0 | 4 |
_a823.8 _222 _bTRO |
| 100 | 1 |
_aTrollope, Anthony, _d1815-1882, _eauthor. _940164 |
|
| 245 | 1 | 0 |
_aBarchester towers / _cAnthony Trollope. |
| 264 | 1 |
_aLondon : _bPenguin Books, _c2012. |
|
| 300 |
_avi, 593 pages ; _c20 cm. |
||
| 336 |
_2rdacontent _atext _btxt |
||
| 337 |
_2rdamedia _aunmediated _bn |
||
| 338 |
_2rdacarrier _avolume _bnc |
||
| 490 | 0 | _aPenguin English Library | |
| 650 | 7 |
_aBarchester (England : Imaginary place) _vFiction. _2BUEsh |
|
| 651 | 7 |
_aEngland _xSocial life and customs _vFiction. _2BUEsh _929951 |
|
| 653 | _cDecember2016 | ||
| 655 |
_vReading book _934232 |
||
| 942 |
_2ddc _cBB |
||
| 999 |
_c23590 _d23562 |
||